000 00910nam a2200265Ia 4500
005 20251020182539.0
008 200515s9999 xx 000 0 und d
020 _a84-481-3781-7
082 _a728.12.007/M79
100 _aMoreno Grau, María Dolores
245 0 _aToxicología ambiental: Evaluación de riesgo para la salud humana
260 _aMadrid
260 _bMc Graw Hill
260 _c2003
300 _a370 p.
300 _bil.
500 _a1 ejemplar
520 _aExpone en primer lugar concpetos toxicológicos fundamentales, para seguidamente analizar el contenido de la metodología de evaluación toxicológica de riesgo. Contiene: Principios de toxicología. Absorción, y excreción. Metabolismo. Toxicocinética. Compues
650 _aMEDIO AMBIENTE
650 _aPESTICIDAS
650 _aRIESGO TOXICOLOGICO
650 _aTOXICOLOGIA
942 _cLIB
999 _c2339
_d2339